Qurani takatifu / (Record no. 39762)

MARC details
000 -LEADER
fixed length control field 00670nam a22001577a 4500
008 - FIXED-LENGTH DATA ELEMENTS--GENERAL INFORMATION
fixed length control field 111116t xxu||||| |||| 00| 0 eng d
050 ## - LIBRARY OF CONGRESS CALL NUMBER
Classification number REF BP109
Item number .A54 1969
245 ## - TITLE STATEMENT
Title Qurani takatifu /
Statement of responsibility, etc [Translated in Swahili by] Sheikh Abdullah Saleh al-Farsy.
260 ## - PUBLICATION, DISTRIBUTION, ETC. (IMPRINT)
Place of publication, distribution, etc Nairobi
Name of publisher, distributor, etc Islamic Foundation
Date of publication, distribution, etc 1969
300 ## - PHYSICAL DESCRIPTION
Extent xxxvi, 984 p.;
Dimensions 23 cm.
500 ## - GENERAL NOTE
General note Arabic and Swahili in parallel columns
650 ## - SUBJECT ADDED ENTRY--TOPICAL TERM
Topical term or geographic name as entry element Swahili language -- Texts.
700 ## - ADDED ENTRY--PERSONAL NAME
Personal name Al-Farsy, Sheikh Abdullah Saleh
Titles and other words associated with a name tr.
942 ## - ADDED ENTRY ELEMENTS (KOHA)
Source of classification or shelving scheme Library of Congress Classification
Item type Book
Holdings
Withdrawn status Lost status Source of classification or shelving scheme Damaged status Not for loan Collection code Home library Current library Shelving location Date acquired Source of acquisition Total Checkouts Full call number Barcode Copy number Price effective from Koha item type
    Library of Congress Classification   Not For Loan Non-fiction Bishop Okullu Memorial Library (Limuru Campus) Bishop Okullu Memorial Library (Limuru Campus) Reference 16/11/2011 purchase   REF BP109 .A54 1969 029415 1 16/11/2011 Book